00583nam a2200193Ia 4500008004100000041001200041082001100053100003700064245006300101260003400164300000800198365000600206520001300212546001200225630006300237650001300300655001300313730006300326101110s9999 xx 000 0 und d aENGLISH bJR5811 aAinapure Varsha, Ainapure Mukund aBook-keeping & accountancy for Std. XII, Vol.II: Work book c2008bManan Prakashan, Mumbai a149 b0 aCommerce aENGLISH aBook-keeping & accountancy for Std. XII, Vol.II: Work book aCommerce aCommerce aBook-keeping & accountancy for Std. XII, Vol.II: Work book